El reglament de règim interior dels centres de primària / Xavier Chavarria Navarro, Elvira Borrell Closa
Descripción Física:
92 p. ; 30 cm
Otros Autores:
Borrell Closa, Elvira
MARC
| LEADER | 00000nam a2200000Ia 4500 | ||
|---|---|---|---|
| 001 | 16158 | ||
| 008 | 160829s9999 xx 000 0 cat d | ||
| 080 | |a E-1-229 | ||
| 100 | |a Chavarria Navarro, Xavier |9 38065 | ||
| 245 | |a El reglament de règim interior dels centres de primària / Xavier Chavarria Navarro, Elvira Borrell Closa | ||
| 250 | |a Ed. no venal | ||
| 260 | |a [Barcelona : |b Diputació de Barcelona. Xarxa de Municipis. Àrea d'Educació], DL 2001 | ||
| 300 | |a 92 p. ; |c 30 cm | ||
| 650 | |a Escoles primàries |x Reglaments i procediment |9 38066 | ||
| 700 | |a Borrell Closa, Elvira |9 38067 | ||
| 901 | |a Arxiu | ||
| 942 | |n 1 | ||
| 952 | |0 0 |1 0 |4 0 |6 E1229 |7 1 |9 48234 |a Arxiu |b Arxiu |d 2016-12-01 |l 0 |o E-1-229 |p 16158 |r 2016-12-01 00:00:00 |w 2016-12-01 |y ARXIU | ||
| 999 | |c 52040 |d 52040 | ||